| 000 | 00540cam a2200193 4500 | ||
|---|---|---|---|
| 001 | 2859 | ||
| 005 | 20181127165933.0 | ||
| 008 | 000314s2000 nyu 000 1 eng | ||
| 010 | _a 00035248 | ||
| 020 | _a0399146164 (acid-free paper) | ||
| 043 | _an-us-ny | ||
| 100 | 1 | _aCoulter, Catherine. | |
| 245 | 1 | 0 |
_aRiptide / _cCatherine Coulter. |
| 260 |
_aNew York : _bPutnam, _cc2000. |
||
| 300 |
_a387 p. ; _c24 cm. |
||
| 650 | 0 |
_aGovernment investigators _vFiction. |
|
| 651 | 0 |
_aNew York (N.Y.) _vFiction. |
|
| 655 | 7 |
_aSuspense fiction. _2gsafd |
|
| 999 |
_c2291 _d2291 |
||